Rok 2002 - aké plusy a mínusy zaznamenalo ľudstvo

Pohľad na rozvoj ľudstva podľa materiálov zo Správy o rozvoji ľudstva 2002. Najlepšia a najhoršia krajina. Ciele pre rozvoj tisícročia. Demokracia, sloboda slova a životná úroveň. Viac právomocí rozvíjajúcim sa krajinám. Aké vzdelané je ľudstvo 21. storočia. Ako znížiť chudobu a jej hrozby. Negatíva...

Descrizione completa

Salvato in:
Dettagli Bibliografici
Autore principale: Moravčíková, Marta
Natura: Capitolo di libro
Lingua:slovacco
Soggetti:
Tags: Aggiungi Tag
Nessun Tag, puoi essere il primo ad aggiungerne!!

MARC

LEADER 00000naa a2200000 4500
001 r045794
005 20230925125823.9
041 0 |a slo 
044 |a SK 
245 1 0 |a Rok 2002 - aké plusy a mínusy zaznamenalo ľudstvo  |c Marta Moravčíková 
520 |a Pohľad na rozvoj ľudstva podľa materiálov zo Správy o rozvoji ľudstva 2002. Najlepšia a najhoršia krajina. Ciele pre rozvoj tisícročia. Demokracia, sloboda slova a životná úroveň. Viac právomocí rozvíjajúcim sa krajinám. Aké vzdelané je ľudstvo 21. storočia. Ako znížiť chudobu a jej hrozby. Negatíva a rozdiely v životnej úrovni. Postavenie žien pri riadení štátov. 
610 2 0 |a civilizácia 
610 2 0 |a rozvoj sociálno-ekonomický 
610 2 0 |a úroveň životná 
610 2 0 |a demokracia 
610 2 0 |a sloboda 
610 2 0 |a chudoba 
610 2 0 |a krajiny rozvojové 
610 2 0 |a postavenie žien 
610 2 0 |a vzdelanie 
610 2 0 |a svet 
100 1 |a Moravčíková, Marta